| 000 | 00518nam a2200133 4500 | ||
|---|---|---|---|
| 008 | 02003 0a 000 0MEX | ||
| 050 | _aTP155 M6 B7 2003 | ||
| 082 | _a660.284.25 B7d | ||
| 100 | _aBrito Paulino, Fabiola | ||
| 245 | _aDestilación multicomponente con alimentación multiple / Fabiola Brito Paulino | ||
| 300 | _a38 p. / 29 cm. | ||
| 502 | _aMonografía. Opción v. I.T.Z. ( Quimica ) M.C. Jorge Rosales P‚rez | ||
| 650 | _a1. DESTILACION DE MULTICOMPONENTES \ 2. METODOS APROXIMADOS DE DISEÑO | ||
| 999 |
_c17076 _d17076 |
||